000 00461nam a2200181Ia 4500
005 20250423100655.0
008 250422s9999 xx 000 0 und d
020 _a0-07-238111-6
050 _aQA 76.73 .T83/
100 _aTucker, Allen
245 0 _aProgramming languages : principles and paradigms
260 _aNew York
260 _bMcGraw Hill Companies Inc.
260 _c2002
300 _a401 p
650 _aProgramming Languages
942 _cBK
999 _c34018
_d34018